000 005270000a22001810004500
003 MACL
005 20160526155459.0
008 160526b xxu||||| |||| 00| 0 eng d
040 _aMACL
_cMACL
041 _aHindi
082 _a891.432
100 _aरानी, विभा
_958996
245 _aआओ तनिक प्रेम करें
_cविभा रानी
260 _bकिताब घर
_c2006
_aदिल्‍ली
350 _a80
650 _aDrama
_959882
942 _cHIN
_k891.432/RAN
_2ddc
999 _c41696
_d41696